000 00321nam a2200133Ia 4500
008 221030s9999 xx 000 0 und d
041 _aEnglish
082 _a105.23
100 _aL. K. Sharma
245 0 _aChemistry Question Papers with Their answers XII
_cby L. K. Sharma
260 _c0
650 _aB
942 _cBK
999 _c10399
_d10399